| 000 | 00606nam a22001697a 4500 | ||
|---|---|---|---|
| 003 | BD-ChCU | ||
| 005 | 20231212105729.0 | ||
| 008 | 231212b bg ||||| |||| 00| 0 ben d | ||
| 020 | _a9789849103684 | ||
| 040 | _cBD-ChCU | ||
| 082 |
_222 _a৩০৫.৩১ শফি ১২ পু |
||
| 100 |
_aশফিক, মাহমুদ _93764 |
||
| 245 |
_aপুরুষতন্ত্র / _cমাহমুদ শফিক |
||
| 260 |
_aঢাকা : _bএ এইচ ডেভেলপমেন্ট পাব., _cc২০১৪ |
||
| 650 | 0 |
_aপুরুষতন্ত্র _93766 |
|
| 942 |
_2ddc _cBK _n0 |
||
| 999 |
_c103432 _d103432 |
||